Hoàng Việt luật lệ (Luật Gia Long) T.4 Hoàng Việt luật lệ

Gespeichert in:
Bibliographische Detailangaben
1. Verfasser: Nguyễn, Văn Thành
Weitere Verfasser: Vũ Trinh (Tác giả), Trần Hựu (Tác giả)
Format: Buch
Sprache:Vietnamese
Veröffentlicht: H. Văn hóa - Thông tin 1994
Schlagworte:
Tags: Tag hinzufügen
Keine Tags, Fügen Sie den ersten Tag hinzu!
Thư viện lưu trữ: Mạng thư viện Đại học Đà Nẵng
LEADER 01203nam a2200349 4500
001 000013856
003 10203
005 20120323110313.0
008 120323s1994 viesd
020 |c 45000đ 
041 0 |a vie 
082 |a 306.9597029  |b NG-T 
100 0 |a Nguyễn, Văn Thành 
245 1 0 |a Hoàng Việt luật lệ  |b (Luật Gia Long)  |c Nguyễn Văn Thành, Vũ Trinh, Trần Hựu  |n T.4  |p Hoàng Việt luật lệ 
260 |a H.  |b Văn hóa - Thông tin  |c 1994 
300 |a 1178 tr(806)  |c 19 cm 
653 |a Hoàng Việt 
653 |a Luật lệ 
653 |a Luật Gia Long 
700 |a Vũ Trinh  |e Tác giả 
700 |a Trần Hựu  |e Tác giả 
773 |t Hoàng Việt luật lệ  |w 10188 
OWN |a LSP 
AVA |a UDN50  |b LSP  |d 306.9597029 NG-T  |e available  |t Error 5001 Not defined in file expand_doc_bib_avail.  |f 1  |g 0  |h N  |i 0  |k 1 
999 |a From the UDN01 
AVA |a UDN50  |b LSP  |d 306.9597029 NG-T  |e available  |t Error 5001 Not defined in file expand_doc_bib_avail.  |f 1  |g 0  |h N  |i 0  |k 1 
TYP |a Monograph 
TYP |a Printed language 
980 |a Mạng thư viện Đại học Đà Nẵng